Normal view
MARC view
Entry Personal Name
001 - CONTROL NUMBER
- control field: 25988
003 - CONTROL NUMBER IDENTIFIER
- control field:
005 - DATE AND TIME OF LATEST TRANSACTION
- control field: 20251007121245.0
008 - FIXED-LENGTH DATA ELEMENTS
- fixed length control field: 251007|| aca||aabn | a|a d
040 ## - CATALOGING SOURCE
- Original cataloging agency:
- Transcribing agency:
100 ## - HEADING--PERSONAL NAME
- Personal name: Warren, Rick,
- Dates associated with a name: 1954-
670 ## - SOURCE DATA FOUND
- Source citation: Work cat.: ()13374: Warren, Rick, 1954- author., The purpose-driven life :, c2002.